000 00665nam a2200193 i 4500
001 23460
003 ES-MaACL
005 20250820051412.0
007 t|
008 021210s1968 sp ||||1| spa d
100 1 _aAlvarez Herrera, Félix M.
_920839
245 1 3 _aLa Madre del sumo y eterno sacerdote:
_bsu cooperación del todo singular a la obra del Salvador /
_cFélix M. Álvarez Herrera ; prólogo del cardenal Cento.
260 _aBarcelona :
_bHerder,
_c1968.
300 _a395 p. ;
_c18 cm.
600 0 4 _aVirgen María
_9115436
700 1 _aCento, Ferdinando,
_cCardinale.
_9171421
852 _aES-MaACL
_jC-34487
999 _c23460
_d23460